Sector BPO (Registro nro. 273553)

Detalles MARC
000 -ENCABEZADO
Número de control [NR] 01188 a2200241 4500
005 - FECHA Y HORA DE LA ÚLTIMA TRANSACCIÓN
control field 20151127074942.0
008 - DE LONGITUD FIJA DE DATOS DE ELEMENTOS - INFORMACIÓN GENERAL
Elementos de longitud fija [NR] 140624n ck g | |||| 00| 0 spa d
020 ## - NUMERO INTERNACIONAL NORMALIZADO PARA LIBROS [R]
Número Internacional Normalizado del libro [NR] 9789589314746
040 ## - FUENTE DE CATALOGACION [NR]
Agencia de catalogación original [NR] CO-BoUCM
Quien Cataloga David Avila (modificó)
Quien Clasifica David Avila (modificó)
041 0# - CODIGO DE IDIOMA [R]
Código de idioma para texto/pista de sonido o título separado [R] Español
110 2# - ASIENTO PRINCIPAL--NOMBRE CORPORATIVO [NR]
Nombre corporativo o de jurisdicción como elemento de entrada [NR] Programa de las Naciones Unidas Para el Desarrollo
ID de autoridad 74046
245 ## - MENCION DE TITULO [NR]
Título [NR] Sector BPO
Parte restante del título [NR] estudio de perfiles ocupacionales del sector Business Process Outsourcing (BPO) en la ciudad de Manizales
Mención de responsabilidad, etc. [NR] Programa de las Naciones Unidas Para el Desarrollo PNUD, Departamento Para la Prosperidad Social DPS.
260 ## - PUBLICACION, DISTRIBUCION, ETC. (PIE DE IMPRENTA) [R]
Lugar de publicación, distribución, etc. [R] Bogotá (Colombia)
Nombre del editor, distribuidor, etc. [R] Programa de las Naciones Unidas Para el Desarrollo PNUD
Fecha de publicación, distribución, etc. [R] [2013]
300 ## - DESCRIPCION FISICA [R]
Extensión [R] 54 páginas
Otros detalles físicos [NR] gráficas
504 ## - NOTA DE BIBLIOGRAFIA, ETC. [R]
Nota de bibliografía, etc. [NR] Incluye referencias bibliográficas
650 04 - ASIENTO SECUNDARIO DE MATERIA - TERMINO TEMATICO [R]
9 (RLIN) 19350
Término temático o nombre geográfico como elemento de entrada [NR] Mercado laboral
Subdivisión general [R] Investigaciones
Subdivisión geográfica [R] Manizales (Colombia)
650 04 - ASIENTO SECUNDARIO DE MATERIA - TERMINO TEMATICO [R]
9 (RLIN) 21746
Término temático o nombre geográfico como elemento de entrada [NR] Pobreza
Subdivisión geográfica [R] Manizales (Colombia)
651 #4 - ASIENTO SECUNDARIO DE MATERIA - NOMBRE GEOGRAFICO [R]
9 (RLIN) 27096
Nombre geográfico [NR] Manizales (Colombia)
Subdivisión general [R] Condiciones Económicas
690 ## - ASUNTO AGREGADO LOCAL DE ENTRADA - TÉRMINO TEMÁTICO (OCLC, RLIN)
9 (RLIN) 42796
Acceso temático local Economía del trabajo
710 1# - ASIENTO SECUNDARIO - NOMBRE CORPORATIVO [R]
Nombre corporativo o de jurisdicción como elemento de entrada [NR] Colombia.
Unidad subordinada [R] Departamento para la Prosperidad Social
9 (RLIN) 74047
942 ## - ELEMENTOS DE ENTRADA AGREGADOS (KOHA)
Tema principal Economía
Tipo de ítem principal el descrito en 300a Libro
Edición 1
Sistema de clasificación DEWEY
Clasificación 331.12
Parte restante de la signatura top. P964e
Existencias
Fecha de último préstamo Total préstamos Signatura topográfica Código de barras Última vez visto Ejemplar Costo de reposición Price effective from Tipo de ítem Perdido Sistema de clasificación Dañado No prestable Tipo de ítem específico Suprimido Ubicación habitual Ubicación actual Localización Fecha de creación Proveedor Forma de adquisición Costo
19/11/2015 1 331.12 P964e 100142980 03/12/2025 Ej.1 26000.00 20/06/2014 Libro   DEWEY     Libro   Claustro Claustro Mezanine 20/06/2014 12 Donación 0.00